000 00447cam a2200181 4500
001 D7769
008 090401t1977 xxu||||| |||| 00| 0 eng d
035 _a(Sirsi) u9263
041 _aeng
050 _a658.99
100 _aPaterson, John
245 _aInformation methods for design and construction
260 _aLondon
_bWiley-Interscience
_c1977
300 _aviii. 200p. ill. 26cm
350 _a6.75
942 _n0
948 _c04/03/1997
999 _c86623
_d86623